Techniques in fractal geometry

Αποθηκεύτηκε σε:
Λεπτομέρειες βιβλιογραφικής εγγραφής
Κύριος συγγραφέας: Falconer, Kenneth J.
Μορφή: Βιβλίο
Γλώσσα:English
Δημοσίευση: Chichester ; New York : John Wiley, c1997
Θέματα:
Ετικέτες: Προσθήκη ετικέτας
Δεν υπάρχουν, Καταχωρήστε ετικέτα πρώτοι!

MARC

LEADER 00000nam a2200000 i 4500
001 1/77971
008 990405s1997 eng d
020 |a 0-471-95724-0 
035 |l 10050045 
040 |a GR-MY-UA  |b gre  |e aacr 
041 0 |a eng 
082 0 |a 514.742 
100 1 |a Falconer, Kenneth J. 
245 1 0 |a Techniques in fractal geometry /  |c Kenneth Falconer 
260 |a Chichester ; New York :   |b John Wiley,   |c c1997 
300 |a xvii, 256 p.;  |b ill.;  |c 24 cm. 
500 |a Includes bibliographical references and index 
650 0 0 |a Fractals. 
852 |a INST  |b SAMOS  |e 19990405  |h 514.742 FAL  |p 005300013113  |q 005300013113  |t BK  |y 0 
901 |a BIBL-1999-1 
909 |a Σ  |b 064128 
922 |a 3ΕΛΗ  |b 199901  |c ΚΠΣ  |d GLORY